000 00262nam a2200109Ia 4500
005 20251222120159.0
008 251222s1900||||xx |||||||||||||| ||spa||
082 _aDVD0060/C73/2000
245 0 _a¿Dónde estas hermano?
264 _bUniversal Studios
942 _cDVD
999 _c2373
_d2373